Electra (Registro nro. 650)

Detalles MARC
000 - LÍDER
campo de control de longitud fija 00822nam a2200277Ia 4500
005 - FECHA Y HORA DE LA ÚLTIMA TRANSACCIÓN
campo de control 20210727153010.0
008 - ELEMENTOS DE DATOS DE LONGITUD FIJA - INFORMACIÓN GENERAL
campo de control de longitud fija 121119s2002 ck gr 000 d spa
020 ## - INTERNATIONAL STANDARD BOOK NUMBER
International Standard Book Number 958300104X
041 0# - CÓDIGO DE LENGUAJE
Código de idioma de texto / pista de sonido o título separado spa
040 ## - FUENTE DE CATALOGACIÓN
Agencia de catalogación original CO-BoRNBP
Lenguaje de catalogación spa
Descripción convenciones rda
Agencia de transcripción CO-BoRNBP
084 ## - OTRO NÚMERO DE CLASIFICACIÓN
Número de clasificación T SOF1
100 0# - ENTRADA PRINCIPAL - NOMBRE PERSONAL
Nombre de la persona Sófocles
Fechas asociadas a un nombre 496-406
245 10 - TÍTULO DECLARACIÓN
Título Electra
Declaración de responsabilidad Sófocles
250 ## - DECLARACIÓN DE EDICIÓN
Sentencia de edición Cuarta reimpresión
264 #1 - AVISO DE PRODUCCIÓN, PUBLICACIÓN, DISTRIBUCIÓN, FABRICACIÓN Y DERECHOS DE AUTOR
Lugar de producción Bogotá
Nombre del productor Panamericana
Fecha de producción 2002
300 ## - DESCRIPCIÓN FÍSICA
Alcance 138 páginas
Dimensiones 21 cm.
336 ## - TIPO DE CONTENIDO
Tipo de contenido texto
Código de tipo de contenido txt
Fuente rdacontent
337 ## - TIPO DE MEDIO
Término del tipo de medio sin mediación
Código de tipo de medio n
Fuente rdamedia
338 ## - TIPO DE PORTADOR
Término del tipo de operador volumen
Código de tipo de operador nc
Fuente rdacarrier
505 0# - NOTA DE CONTENIDO FORMATEADA
Nota sobre el contenido formateado 1.Hipólito -- 2.El ciclope
650 14 - ENTRADA DE SUJETO AÑADIDO - TÉRMINO TÓPICO
Fuente del título o término LEMB
Término tópico o elemento de entrada del nombre geográfico Tragedia griega
Subdivisión de forma Colecciones
650 14 - ENTRADA DE SUJETO AÑADIDO - TÉRMINO TÓPICO
Fuente del título o término LEMB
Término tópico o elemento de entrada del nombre geográfico Literatura griega
650 14 - ENTRADA DE SUJETO AÑADIDO - TÉRMINO TÓPICO
Fuente del título o término LEMB
Término tópico o elemento de entrada del nombre geográfico Teatro griego
Subdivisión de forma Colecciones
700 0# - ENTRADA AGREGADA - NOMBRE PERSONAL
Nombre de la persona Eurípides
Fechas asociadas a un nombre 480-406 a. de J. C.
942 ## - ELEMENTOS DE ENTRADA AGREGADOS (KOHA)
Fuente de clasificación o esquema de estanterías
Tipo de artículo Koha Literartura
Existencias
Estado de retirada Pérdida de estatus Fuente de clasificación o esquema de estanterías Estado dañado No para préstamo Código de recogida Ubicación permanente Ubicación actual Ubicación de las estanterías Fecha de adquisición Fuente de adquisición Total de Cajas Número Topográfico Código de barras Precio efectivo desde Número de copia Fecha de la última vez que se vio Tipo de artículo Koha
    Dewey Decimal Classification     General Biblioteca Pública Municipal Carlos Arturo Bolívar Guevara Biblioteca Pública Municipal Carlos Arturo Bolívar Guevara Área General 01/08/2023 Dotación del Ministerio de Cultura   882 S681e BEL03 - 2185 01/08/2023 Ej. 1 01/08/2023 Literartura
    Dewey Decimal Classification     General Biblioteca Pública Municipal Francisco Jaramillo Ochoa Biblioteca Pública Municipal Francisco Jaramillo Ochoa Área General 05/01/2024 DOTACIÓN MINISTERIO DE CULTURA   T SOF1 LAVI10-4039 05/01/2024 Ej. 1 05/01/2024 Literartura
    Dewey Decimal Classification     General Biblioteca Pública Municipal Juan XXIII Biblioteca Pública Municipal Juan XXIII Área General 05/12/2023 Ministerio de cultura   T SOF1 BAL02-2932 05/12/2023 Ej. 1 05/12/2023 Literartura
    Dewey Decimal Classification     General Biblioteca Pública Municipal de Guática Biblioteca Pública Municipal de Guática Área General 31/01/2025 Dotacion Ministerio de Cultura   T SOF1 GUA07-2591 31/01/2025 Ej. 1 31/01/2025 Literartura